[Event "HCL-E1478"]
[Site "www.playchess.de"]
[Date "2006.01.19"]
[Round "3"]
[White "ID"]
[Black "Pillsbury"]
[WhiteElo "2000"]
[BlackElo "2000"]
[PlyCount "60"]
[Result "0-1"]

1.e4 c5 2.Nf3 Nc6 3.Nc3 g6 4.d4 cxd4 5.Nxd4 Bg7 
6.Be3 Nf6 7.Nxc6 bxc6 8.e5 Ng8 9.f4 Nh6 10.Qd2 O-O 
11.Bc5 d6 12.Be3 dxe5 13.Qxd8 Rxd8 14.fxe5 Ng4 
15.Bf4 Nxe5 16.Bxe5 Bxe5 17.Bd3 Rb8 18.Nd1 c5 
19.O-O Be6 20.a3 c4 21.Be4 f5 22.Bf3 Kf7 23.Kh1 
Bxb2 24.Nxb2 Rxb2 25.Rfc1 c3 26.a4 Rd2 27.Bd1 Bd5 
28.Bf3 Bxf3 29.gxf3 Rdxc2 30.Rxc2 
Rxc2 0-1

[Event "HCL-C4047"]
[Site "www.playchess.de"]
[Date "2006.01.19"]
[Round "16"]
[White "tusnelda"]
[Black "xmen"]
[WhiteElo "1187"]
[BlackElo "1378"]
[PlyCount "90"]
[Result "0-1"]

1.e4 g6 2.d4 Bg7 3.Nf3 d6 4.c3 Nf6 5.Nbd2 O-O 
6.Bc4 a6 7.Qb3 e6 8.O-O b5 9.Bd3 Nc6 10.a4 Na5 
11.Qd1 c5 12.e5 Ne8 13.Ne4 c4 14.Be2 Bb7 15.Neg5 
h6 16.Nh3 Nc6 17.b3 d5 18.bxc4 bxc4 19.Ba3 Ne7 
20.Rb1 Qd7 21.a5 Nc7 22.Bxe7 Qxe7 23.Rxb7 Rfb8 
24.Rb6 Rxb6 25.axb6 Nb5 26.Qa1 Bf8 27.Rb1 Qa3 
28.Rc1 Qxa1 29.Rxa1 Nxc3 30.Kf1 Bb4 31.Ne1 a5 
32.Nc2 Rb8 33.Nxb4 axb4 34.Nf4 Nb5 35.Ra4 b3 
36.Rb4 Nxd4 37.Bxc4 dxc4 38.Rxc4 Rxb6 39.Nd3 Nc2 
40.Ke2 Na3 41.Rc3 b2 42.Nxb2 Rxb2+ 43.Kf3 Nb5 
44.Rc8+ Kg7 45.Rb8 Nd4+ 0-1

[Event "HCL-B3818"]
[Site "www.playchess.de"]
[Date "2006.01.19"]
[Round "10"]
[White "Kannsnich"]
[Black "ivusko"]
[WhiteElo "1228"]
[BlackElo "1206"]
[PlyCount "69"]
[Result "1-0"]

1.c4 e5 2.Nc3 Bb4 3.Nd5 Bc5 4.d3 c6 5.Nc3 Bd4 
6.Nf3 Bxc3+ 7.bxc3 d6 8.g3 Bg4 9.Bg2 h6 10.O-O Nf6 
11.Rb1 b6 12.Ba3 O-O 13.d4 e4 14.Nd2 Re8 15.h3 Bh5 
16.f3 e3 17.Ne4 Nxe4 18.fxe4 Bg6 19.Rf4 d5 20.cxd5 
cxd5 21.Bc1 dxe4 22.Bxe3 Nc6 23.Rb5 Na5 24.Bc1 Rc8 
25.Bb2 Nc4 26.Ba1 Ne3 27.Qd2 Nxg2 28.Kxg2 Qd7 
29.Rb3 Qc6 30.e3 Qd6 31.Qf2 a5 32.Qb2 Rcb8 33.c4 
Qc6 34.d5 {hmmm}  Qd6 35.Qxg7+ 1-0

[Event "HCL-C4001"]
[Site "www.playchess.de"]
[Date "2006.01.19"]
[Round "8"]
[White "pauerchess"]
[Black "therapie"]
[WhiteElo "1401"]
[BlackElo "888"]
[PlyCount "66"]
[Result "0-1"]

1.d4 d5 2.Nf3 Nf6 3.c4 dxc4 4.Qa4+ Nc6 5.e3 e6 
6.Bxc4 Be7 7.O-O O-O 8.Rd1 Nb4 9.Nc3 c6 10.Qb3 
{hin get der seit sure evichkeit.}  b5 11.Be2 {hin 
get di zeit zuer ewigkeit...}  Qc7 {i don't know 
what you mean...}  12.a3 {ok i just treyed too 
reigt in german but i ges i am not good at 
that.-)}  Nbd5 {my english isn't good too :)}  
13.Nxd5 {ok, wi are ferlirer, oder der pak, 
abschaum, hirnferbrant- oder is das surweit 
gegangen.??-)}  cxd5 {ist schon okay ;)}  14.Qxb5 
Bd7 15.Qd3 Rab8 16.Ne5 Bb5 17.Qd2 Ne4 18.Qe1 {du 
fingst ja an frech zuer spilen.-)}  Ba4 {tut mir 
leid! ;) dein deutsch ist ja doch noch gut}  
19.Rd3 {na, so so ,but i trey bicaus my english is 
bad too, denish is better, but thats bad for 
you.-))}  Bc2 {danish? Det kan jeg ikke!}  20.b4 
{nå nå det er da godt.-)--good move.}  Bxd3 
{bleiben wir lieber bei deutsch ;)}  21.Nxd3 {das 
habe ich gewust.-)  aber ich kan dier einen kursus 
gaben nachher,gaben.}  Bd6 22.g3 {du wilst mich an 
den kraken.}  Rfc8 {du siehst alles...}  23.Bb2 
{na, ich fersuch nur wachsam zuer sein.-)aber du 
werde gevinen, wen du acurat spielen tut.deinen 
stelung is besser.}  a5 {keine angst. ich spiele 
nie konstant.}  24.Rc1 {na ich auch nict, alles 
fur der gemytlicheit.}  Qb6 25.f3 axb4 26.Rxc8+ 
Rxc8 27.fxe4 {frohes fest und alles gute fuer 
deinen schach.}  bxa3 {vielen dank. wünsch ich dir 
auch.}  28.Bc3 dxe4 29.Ne5 Bxe5 30.Kg2 Bd6 31.Bg4 
Rxc3 {frohes neues jahr!}  32.Qxc3 {gleichfals, 
ich glaube du hast balt einen gewin.-))}  Qb2+ 
{entschuldige. ich habe momentan wenig zeit für 
schach...}  33.Qxb2 {is ok, das spiel is schon 
lange ferbei.  ich mache noch disen sug, danke und 
alles gute.}  axb2 {danke auch. war ganz nett. bis 
zum nächsten mal :) - alles gute} 
 0-1

[Event "HCL-B3822"]
[Site "www.playchess.de"]
[Date "2006.01.19"]
[Round "7"]
[White "Saladin"]
[Black "dynamike"]
[WhiteElo "1379"]
[BlackElo "1610"]
[PlyCount "33"]
[Result "1-0"]

1.e3 e5 2.g3 d5 3.d4 Nc6 4.Bg2 e4 5.Nc3 Nf6 6.h3 
Be7 7.Nge2 O-O 8.Nf4 Bb4 9.Bd2 Bd6 10.Nfxd5 Nxd5 
11.Nxd5 Re8 12.Qh5 Be6 13.Bxe4 Ne7 14.Qxh7+ Kf8 
15.Nxe7 Kxe7 16.Qxg7 Rg8 17.Qh6 1-0

[Event "HCL-E1522"]
[Site "www.playchess.de"]
[Date "2006.01.19"]
[Round "7"]
[White "baggur"]
[Black "vhpower"]
[WhiteElo "1660"]
[BlackElo "1607"]
[PlyCount "56"]
[Result "0-1"]

1.e4 {greetings from Reykjavik Iceland}  e5 {Hi 
from berlin}  2.Nf3 Nc6 3.Bb5 Bc5 4.O-O Nge7 5.c3 
a6 6.Ba4 b5 7.Bc2 d5 8.d4 exd4 9.cxd4 Bb6 10.e5 
Bg4 11.Be3 O-O 12.Qd3 Bf5 13.Qd2 Bxc2 14.Qxc2 Qd7 
15.Nc3 Ng6 16.h4 Nge7 17.Ng5 g6 18.Rad1 Nf5 19.Ne2 
Nxh4 20.Ng3 Ne7 21.Nh5 Qf5 22.Nf6+ Kg7 23.Qd2 Ng8 
24.g4 Nf3+ 25.Nxf3 Qxf3 26.g5 Ne7 27.Rdc1 Nf5 
28.b4 Nh4 0-1

[Event "HCL-B3820"]
[Site "www.playchess.de"]
[Date "2006.01.19"]
[Round "35"]
[White "garden"]
[Black "Skipper_Robert"]
[WhiteElo "1084"]
[BlackElo "973"]
[PlyCount "21"]
[Result "1-0"]

1.e4 e5 2.Nf3 d6 3.Be2 Nc6 4.Bb5 Bd7 5.b3 Nf6 
6.Bc4 Nxe4 7.d3 Nc5 8.Ng5 Ne6 9.Qf3 f6 10.Bxe6 
fxg5 11.Qf7+ 1-0

[Event "HCL-B3832"]
[Site "www.playchess.de"]
[Date "2006.01.19"]
[Round "4"]
[White "garden"]
[Black "Skipper_Robert"]
[WhiteElo "1078"]
[BlackElo "980"]
[PlyCount "63"]
[Result "1-0"]

1.e4 e5 2.Nf3 Nc6 3.Bb5 d5 4.Nxe5 Bd7 5.exd5 Nxe5 
6.Nc3 Bc5 7.d4 Ng4 8.dxc5 Qe7+ 9.Ne2 Qxc5 10.Qd4 
Qxd4 11.Nxd4 O-O-O 12.h3 Re8+ 13.Kf1 Ne5 14.Be3 
Nf6 15.Bg5 Ne4 16.Bf4 f6 17.Bxd7+ Kxd7 18.Ne6 Nd2+ 
19.Bxd2 Nc4 20.Bc3 c6 21.Nxg7 Re7 22.Ne6 cxd5 
23.Bxf6 Nd2+ 24.Kg1 Rxe6 25.Bxh8 Re2 26.Rd1 Kc6 
27.Bd4 Ne4 28.f3 Ng3 29.Rh2 Rxc2 30.Be5 Ne2+ 
31.Kf1 Rxb2 32.Bxb2 1-0

[Event "HCL-B3765"]
[Site "www.playchess.de"]
[Date "2006.01.19"]
[Round "17"]
[White "unclcarle"]
[Black "scaper"]
[WhiteElo "1099"]
[BlackElo "1324"]
[PlyCount "66"]
[Result "0-1"]

1.e4 {Good game!.}  c5 {gg!}  2.d4 cxd4 3.Qxd4 Nc6 
4.Qe3 e5 5.Nf3 b6 6.Bb5 a6 7.Bxc6 dxc6 8.O-O Bc5 
9.Qb3 Be6 10.Qc3 f6 11.Be3 Bxe3 12.Qxe3 Qc7 13.Rd1 
Nh6 14.Nc3 Ng4 15.Qe2 O-O 16.h3 Nh6 17.Rd3 Bc4 
18.Qe3 Bxd3 19.Qxd3 Rfd8 20.Qc4+ Nf7 21.a4 Kh8 
22.b4 b5 23.axb5 axb5 24.Qf1 Qd6 25.Rb1 h6 26.Nh4 
Qd2 27.Ne2 Qxc2 28.Ng3 Nd6 29.Rc1 Qd2 30.Rxc6 Qb2 
31.Qd3 Ra3 32.Qd1 Ra1 33.Rc1 {good move}  Rxc1 
{gg!}  0-1

[Event "HCL-B3756"]
[Site "www.playchess.de"]
[Date "2006.01.19"]
[Round "12"]
[White "unclcarle"]
[Black "epenz"]
[WhiteElo "1099"]
[BlackElo "977"]
[PlyCount "52"]
[Result "1/2-1/2"]

1.e4 {Hello again}  e5 2.Nf3 Nc6 3.Bb5 d6 4.O-O 
Bd7 5.Nc3 a6 6.Bxc6 Bxc6 7.d4 exd4 8.Nxd4 Nf6 
9.Nxc6 bxc6 10.Re1 Be7 11.e5 dxe5 12.Qxd8+ Rxd8 
13.Rxe5 O-O 14.Bf4 Bd6 15.Rf5 Rfe8 16.Bxd6 cxd6 
17.Rd1 g6 18.Rxf6 d5 19.g3 d4 20.Na4 Re6 21.Rf4 
Re2 22.Nc5 Rxc2 23.Rdxd4 Rxd4 24.Rxd4 Rxc5 25.b4 
Rc1+ 26.Kg2 Rb1 {(offering draw)} 
 1/2-1/2

[Event "HCL-C4050"]
[Site "www.playchess.de"]
[Date "2006.01.19"]
[Round "8"]
[White "keneddy"]
[Black "kolmar"]
[WhiteElo "1073"]
[BlackElo "1501"]
[PlyCount "75"]
[Result "1-0"]

1.e4 c5 2.Nf3 Nc6 3.Bb5 Nf6 4.Bxc6 bxc6 5.d3 e5 
6.Nxe5 d6 7.Nxc6 Qc7 8.e5 dxe5 9.Qe2 Qxc6 10.Qxe5+ 
Qe6 11.Bf4 Qxe5+ 12.Bxe5 Bb7 13.f3 Be7 14.Nc3 a6 
15.O-O-O O-O 16.d4 cxd4 17.Rxd4 Rfe8 18.Bxf6 Bxf6 
19.Rd7 Bxc3 20.bxc3 Bc6 21.Rd6 Bb5 22.Rhd1 Rac8 
23.Kb2 h6 24.f4 Re2 25.R6d8+ Re8 26.Rxe8+ Rxe8 
27.Kb3 Re2 28.c4 Bc6 29.Rd6 Bxg2 30.Rxa6 Be4 31.c3 
Rxh2 32.c5 Bd5+ 33.c4 Be6 34.c6 Rh4 35.c7 Rxf4 
36.Rxe6 fxe6 37.c8Q+ Kf7 38.Qc7+ 1-0

[Event "HCL-B3805"]
[Site "www.playchess.de"]
[Date "2006.01.19"]
[Round "5"]
[White "newplayer"]
[Black "Kannsnich"]
[WhiteElo "1088"]
[BlackElo "1199"]
[PlyCount "86"]
[Result "0-1"]

1.e4 c6 2.e5 d5 3.d4 Bf5 4.Bd3 Bxd3 5.Qxd3 e6 
6.Nf3 Qa5+ 7.Bd2 Qa6 8.Qb3 Ne7 9.Bb4 Nd7 10.Nbd2 
Nf5 11.Bxf8 Nxf8 12.g4 Ne7 13.c4 c5 14.dxc5 Nd7 
15.Qb4 Rc8 16.cxd5 Nxd5 17.Qd4 Rxc5 18.h4 O-O 
19.Nb3 Rc2 20.Nfd2 Rfc8 21.h5 Qb6 22.Qxb6 N5xb6 
23.Rb1 Nxe5 24.g5 Nbc4 25.Nxc4 R2xc4 26.Ke2 R4c2+ 
27.Kf1 Ng4 28.Nd4 Rxf2+ 29.Kg1 Rd2 30.Nf3 Rdc2 
31.Nd4 R2c1+ 32.Rxc1 Rxc1+ 33.Kg2 Ne3+ 34.Kh2 
Rxh1+ 35.Kxh1 Kf8 36.Kh2 Ke7 37.Kg3 Nf5+ 38.Nxf5+ 
exf5 39.b4 Ke6 40.Kf4 g6 41.h6 f6 42.gxf6 Kxf6 
43.b5 g5+ 0-1

[Event "HCL-C4030"]
[Site "www.playchess.de"]
[Date "2006.01.19"]
[Round "16"]
[White "Grunert"]
[Black "garden"]
[WhiteElo "909"]
[BlackElo "1034"]
[PlyCount "70"]
[Result "0-1"]

1.g3 c6 2.Bg2 Nf6 3.d4 Nd5 4.Bxd5 cxd5 5.e3 e6 
6.Nc3 Bb4 7.Bd2 Bxc3 8.Bxc3 Qb6 9.Ne2 Qd6 10.O-O 
Nc6 11.Qd3 O-O 12.a3 b6 13.Rac1 a5 14.Qb5 Na7 
15.Qd3 Nc6 16.Nf4 Ba6 17.Qd2 Bxf1 18.Kxf1 f5 
19.Kg1 Qe7 20.b4 a4 21.b5 Na7 22.Bb4 d6 23.c4 Rac8 
24.cxd5 Rxc1+ 25.Qxc1 Rc8 26.Qd2 e5 27.dxe5 Qxe5 
28.Qd1 g5 29.Ne6 Qb2 30.Nxg5 Rc1 31.Qf1 Rxf1+ 
32.Kxf1 Nxb5 33.Ne6 Nxa3 34.Bxd6 Qb5+ 35.Kg2 
Qxd5+ 0-1

[Event "HCL-E1535"]
[Site "www.playchess.de"]
[Date "2006.01.19"]
[Round "10"]
[White "ippuli"]
[Black "Emerson"]
[WhiteElo "1614"]
[BlackElo "1792"]
[PlyCount "51"]
[Result "1-0"]

1.e4 {Hello again! Good luck....}  e5 {also to you 
best wishes - and happy new year...}  2.d4 {Here 
we come again...}  Qe7 {o yeah!}  3.d5 Nf6 4.Nc3 
d6 5.Nf3 h6 6.Bd3 Bg4 7.h3 Bxf3 8.Qxf3 Nbd7 9.Nb5 
Nc5 10.Bd2 a6 11.Nc3 g5 12.b4 Nxd3+ 13.Qxd3 Bg7 
14.b5 O-O 15.bxa6 Rxa6 16.Rb1 c5 17.dxc6 Rxc6 
18.Nd5 Nxd5 19.Qxd5 Rxc2 20.Rxb7 Qf6 21.O-O Rc5 
22.Qb3 Rfc8 23.a4 R5c2 24.Be3 R8c7 25.Rxc7 
{OOps??}  Rxc7 {oops   :-(((}  26.Qb8+ {It 
happenes (usually to me).... :o)} 
 1-0

[Event "HCL-A2554"]
[Site "www.playchess.de"]
[Date "2006.01.19"]
[Round "32"]
[White "freno"]
[Black "Sobral"]
[WhiteElo "1577"]
[BlackElo "1701"]
[PlyCount "48"]
[Result "1/2-1/2"]

1.e4 {Hello from Paris and happy year 2006}  c5 
2.Nc3 Nc6 {Hello from Sao Paulo, Brazil. Happy New 
Year, too. What do you do for a living? I am an 
engineer. I work with energy projects (mainly 
hydroelectric power plants).
Regards.}  3.f4 {I am librarian, at the French 
national Library}  d6 4.Bb5 Bd7 5.Nf3 g6 6.O-O Bg7 
7.Bxc6 Bxc6 8.d3 Nf6 9.Kh1 O-O 10.h3 e6 11.e5 Nd5 
12.Nxd5 Bxd5 13.Qe2 b6 14.c3 Qc7 15.d4 Rad8 16.Be3 
cxd4 17.cxd4 dxe5 18.dxe5 Rdc8 19.Rac1 Qb7 20.b3 
Rxc1 21.Rxc1 Rc8 22.Rxc8+ Qxc8 23.Nd4 Bf8 24.Qc2 
Qxc2 {(offering draw)}  1/2-1/2

[Event "HCL-A2494"]
[Site "www.playchess.de"]
[Date "2006.01.19"]
[Round "31"]
[White "Eishockeytorwart"]
[Black "HOTSUN"]
[WhiteElo "1860"]
[BlackElo "1608"]
[PlyCount "103"]
[Result "1-0"]

1.e4 {welcome back}  e5 {hi again}  2.Nf3 Nc6 
3.Bb5 a6 4.Ba4 b5 5.Bb3 Bb7 6.O-O h6 7.Re1 Bc5 
8.c3 Nf6 9.d4 exd4 10.cxd4 Be7 11.e5 Nh7 12.d5 Na5 
13.d6 Bg5 14.Nxg5 Nxg5 15.dxc7 Qxc7 16.Bd5 Bxd5 
17.Qxd5 Qc6 18.Nc3 Qxd5 19.Nxd5 O-O 20.Bxg5 hxg5 
21.Ne7+ Kh7 22.Rad1 Rfd8 23.Rd6 Nc4 24.Rd3 g6 
25.b3 Rde8 26.Rxd7 Nb6 27.Rc7 Rad8 28.e6 Ref8 
29.Rc6 Rfe8 30.exf7 Rxe7 31.f8N+ Kg8 32.Ne6 Nd5 
33.Rf1 Ra8 34.Nxg5 Kg7 35.Ne6+ Kf7 36.Re1 Rae8 
37.Ng5+ Kg7 38.Rxe7+ Rxe7 39.h4 Re1+ 40.Kh2 Re2 
41.Rxa6 Rxf2 42.Ra7+ Kg8 43.Ne6 Kh8 44.a4 bxa4 
45.bxa4 Ne3 46.Kg3 Rxg2+ 47.Kf3 Rh2 48.Kxe3 Rxh4 
49.a5 Rh1 50.Nc5 Rf1 51.a6 g5 52.Rb7 1-0

[Event "HCL-M857"]
[Site "www.playchess.de"]
[Date "2006.01.19"]
[Round "4"]
[White "PamperedPawn"]
[Black "Duke01"]
[WhiteElo "2382"]
[BlackElo "1680"]
[PlyCount "49"]
[Result "1-0"]

1.e4 {Welcome from Arizona, USA.  Looking to a 
good game}  c5 2.Nf3 d6 3.d4 cxd4 4.Nxd4 Nf6 5.Nc3 
g6 6.Bd3 Bg7 7.Be3 O-O 8.Be2 Nc6 9.O-O Bd7 10.f3 
a6 11.Qd2 Re8 12.Rfe1 Rc8 13.Nxc6 Bxc6 14.Rad1 Qa5 
15.Bc4 Nd7 16.Bd4 Ne5 17.Bb3 b5 18.Qf4 Qb4 19.Bb6 
Nc4 20.a3 Nxa3 21.Na2 Bxb2 22.Qxf7+ Kh8 23.Nxb4 
Bd7 24.e5 Bf5 25.exd6 1-0

[Event "HCL-E1527"]
[Site "www.playchess.de"]
[Date "2006.01.19"]
[Round "4"]
[White "superulf"]
[Black "Pijean"]
[WhiteElo "1461"]
[BlackElo "1711"]
[PlyCount "62"]
[Result "0-1"]

1.e4 c5 2.c4 Nc6 3.Nc3 e6 4.Nf3 d6 5.b3 Nf6 6.Bb2 
Be7 7.d4 cxd4 8.Nxd4 Nxd4 9.Qxd4 O-O 10.Bd3 b6 
11.O-O Bb7 12.Rad1 Nd7 13.Nd5 Nf6 14.e5 Nxd5 
15.cxd5 dxe5 16.Qxe5 Bf6 17.Qe4 g6 18.Qe2 Bxb2 
19.Qxb2 Qxd5 20.f3 Qc5+ 21.Rf2 Rfd8 22.b4 Qc6 
23.Rfd2 Rd7 24.Be4 Rxd2 25.Rxd2 Qc7 26.Rc2 Qe7 
27.Qc1 Bxe4 28.fxe4 Qxb4 29.Rc8+ Rxc8 30.Qxc8+ Kg7 
31.e5 Qe1+ 0-1

[Event "HCL-C4065"]
[Site "www.playchess.de"]
[Date "2006.01.19"]
[Round "8"]
[White "Viking"]
[Black "mudelta"]
[WhiteElo "601"]
[BlackElo "1125"]
[PlyCount "60"]
[Result "0-1"]

1.Nf3 c5 2.d4 cxd4 3.Nxd4 e5 4.Nf5 g6 5.Ne3 Bg7 
6.g3 Nc6 7.Bg2 Nge7 8.Nc3 O-O 9.b3 e4 10.Bd2 d5 
11.Nb5 Bxa1 12.Qxa1 a6 13.Na3 b5 14.c4 d4 15.Nec2 
d3 16.Ne3 b4 17.Nb1 a5 18.Bxe4 dxe2 19.Kxe2 Bb7 
20.Bxc6 Bxc6 21.Rd1 Qc8 22.a3 Qh3 23.Nf1 Nf5 
24.Bf4 Rfe8+ 25.Be5 Bg2 26.Nbd2 Rad8 27.Qb2 bxa3 
28.Qxa3 Rxe5+ 29.Ne3 Nd4+ 30.Kd3 
Nb5+ 0-1

[Event "HCL-E1473"]
[Site "www.playchess.de"]
[Date "2006.01.19"]
[Round "16"]
[White "pj287"]
[Black "HrDoctor"]
[WhiteElo "1713"]
[BlackElo "1659"]
[PlyCount "63"]
[Result "1-0"]

1.e4 {Hello from Port Jervis, NY. Have a good 
game.}  c5 {hi. good luck 2u too!}  2.c4 Nc6 3.Nf3 
Nf6 4.Nc3 g6 5.d3 Bg7 6.Be2 O-O 7.O-O a6 8.h3 Nd4 
9.Nxd4 cxd4 10.Nd5 e5 11.Bg5 d6 12.f4 h6 13.Nxf6+ 
Bxf6 14.Bxh6 Re8 15.fxe5 dxe5 16.Bg4 g5 17.Bxc8 
Rxc8 18.Rf5 Re6 19.Qh5 Rc7 20.Raf1 Qd6 21.Bxg5 
Bxg5 22.Rxg5+ Rg6 23.Rxe5 Re7 24.Rxe7 Qxe7 25.a3 
Qd6 26.Qd5 Qe6 27.Qxe6 fxe6 28.g4 Kg7 29.Kg2 Rg5 
30.b4 a5 31.b5 b6 32.Kg3 1-0

[Event "HCL-B3826"]
[Site "www.playchess.de"]
[Date "2006.01.19"]
[Round "4"]
[White "dynamike"]
[Black "chessH"]
[WhiteElo "1610"]
[BlackElo "1275"]
[PlyCount "95"]
[Result "1-0"]

1.e4 e5 2.Nf3 Nc6 3.Bc4 Be7 4.d4 d6 5.dxe5 dxe5 
6.Qxd8+ Bxd8 7.O-O Nf6 8.Nc3 Bg4 9.Ng5 O-O 10.h3 
Bh5 11.g4 Bg6 12.Re1 h6 13.Nf3 Be7 14.Bd2 Bc5 
15.Rad1 Rad8 16.Bd5 Nxd5 17.Nxd5 Bd6 18.c4 Nb8 
19.Bc3 c6 20.Nb4 a5 21.Nd3 f6 22.Nh4 Bh7 23.Bxa5 
Rd7 24.Nf5 Bxf5 25.exf5 Na6 26.Bb6 Rff7 27.h4 Kh7 
28.a3 g6 29.fxg6+ Kxg6 30.b4 Bc7 31.Be3 Nb8 32.h5+ 
Kg7 33.Nc5 Rxd1 34.Rxd1 f5 35.Ne6+ Kf6 36.gxf5 
Kxf5 37.Nxc7 Rxc7 38.Rd8 Na6 39.Rh8 Rg7+ 40.Kf1 
Nc7 41.Bxh6 Rf7 42.Be3 Ne6 43.a4 Nd4 44.Bxd4 exd4 
45.Ke2 Rd7 46.Kd3 b6 47.h6 Kg6 
48.Rb8 1-0

[Event "HCL-M871"]
[Site "www.playchess.de"]
[Date "2006.01.19"]
[Round "3"]
[White "anne_t"]
[Black "Duffy"]
[WhiteElo "1935"]
[BlackElo "1619"]
[PlyCount "69"]
[Result "1/2-1/2"]

1.d4 {hi, greeting from Leiden, Holland}  d5 {hi, 
all the best to you from Lebanon, NH, USA}  2.c4 
{nice :)}  e6 3.Nf3 c5 4.cxd5 exd5 5.g3 Nc6 6.Bg2 
Nf6 7.O-O Be7 8.Nc3 O-O 9.Bg5 cxd4 10.Nxd4 h6 
11.Be3 Re8 12.Rc1 Bf8 13.Nxc6 bxc6 14.Na4 Ng4 
15.Bc5 Bxc5 16.Nxc5 Qf6 17.h3 Ne5 18.e4 Rb8 
19.exd5 cxd5 20.Qxd5 Rxb2 21.Kh2 Bf5 22.Rce1 Rbb8 
23.f4 {A great 2006!}  Ng6 {Thank you, Happy New 
Year!}  24.Nd7 {thank you}  Bxd7 25.Qxd7 Re7 
26.Rxe7 Qxe7 27.Qxe7 Nxe7 28.Rf2 Rc8 29.Rd2 Rc7 
30.Rd8+ Kh7 31.a4 g6 32.g4 Kg7 33.Kg3 a5 34.Ra8 
Rc5 35.Kf2 {(offering draw)}  1/2-1/2

[Event "ACL-M065"]
[Site "www.playchess.de"]
[Date "2006.01.19"]
[Round "32"]
[White "michail"]
[Black "msdnewmex"]
[WhiteElo "1925"]
[BlackElo "2064"]
[PlyCount "100"]
[Result "1/2-1/2"]

1.Nf3 d5 2.d4 c6 3.c4 Nf6 4.Nc3 dxc4 5.a4 Bf5 
6.Ne5 Nbd7 7.Nxc4 Nb6 8.Ne5 a5 9.f3 Nfd7 10.Nxd7 
Nxd7 11.e4 Bg6 12.Be3 e6 13.Be2 Bb4 14.O-O O-O 
15.Qb3 Qc7 16.Rac1 Rad8 17.Rfd1 Bd6 18.e5 Be7 
19.Nb5 Qb8 20.Na3 c5 21.Nc4 cxd4 22.Bxd4 Nc5 
23.Qb5 Rd5 24.Nb6 Rxd4 25.Rxd4 Qxe5 26.Rdd1 Qe3+ 
{Happy Hollidays to you and your family!!!}  
27.Kh1 {Thank you!Happy new year!}  Qf2 28.Nd7 
Nxd7 29.Rxd7 Bb4 30.Rxb7 Qe3 31.Rbc7 h5 32.Bf1 Rd8 
33.R7c8 Kh7 34.Rxd8 Qxc1 35.b3 Qe3 36.Rc8 Bf5 
37.Qc4 Kg6 38.Qc1 Qxb3 39.Bb5 h4 40.h3 Bd6 41.Rc4 
Bg3 42.Bc6 e5 43.Be4 Bxe4 44.Rxe4 Kh7 45.Rc4 g6 
46.Qc2 Qe3 47.Qd1 Bf4 48.Rc7 Kg7 49.Rb7 Qc3 50.Rb1 
Qc7 {(offering draw) We cannot make any progress.} 
 1/2-1/2

[Event "HCL-C4008"]
[Site "www.playchess.de"]
[Date "2006.01.19"]
[Round "5"]
[White "Felrein"]
[Black "leety"]
[WhiteElo "800"]
[BlackElo "800"]
[PlyCount "24"]
[Result "0-1"]

1.e4 c5 2.Na3 Nc6 3.d3 e6 4.Nf3 g6 5.h4 Bg7 6.Bg5 
f6 7.Bxf6 Nxf6 8.Nb5 Qa5+ 9.b4 Qxb5 10.Rb1 O-O 
11.g3 Re8 12.c4 Qb6 0-1

[Event "HCL-A2556"]
[Site "www.playchess.de"]
[Date "2006.01.19"]
[Round "10"]
[White "Kinslayer"]
[Black "Whiterock"]
[WhiteElo "1714"]
[BlackElo "1472"]
[PlyCount "29"]
[Result "1-0"]

1.d4 {Hi!}  f5 {Hello and good luck!}  2.g3 {Thx. 
you too.}  Nf6 3.Bg2 e6 4.c4 Nc6 5.e3 Rb8 6.a3 b6 
7.Nc3 Bb7 8.Nh3 Be7 9.Nf4 O-O 10.O-O a6 11.b4 d6 
12.Nxe6 Qe8 13.Nxf8 Qxf8 14.Qc2 g6 
15.Nd5 1-0

[Event "HCL-C3985"]
[Site "www.playchess.de"]
[Date "2006.01.19"]
[Round "27"]
[White "valpa"]
[Black "Idris"]
[WhiteElo "1082"]
[BlackElo "895"]
[PlyCount "45"]
[Result "1-0"]

1.b4 e5 2.Bb2 d6 3.e3 Be6 4.b5 b6 5.Nf3 Nd7 6.Be2 
Be7 7.O-O Ngf6 8.a4 a5 9.Ng5 c5 10.Nxe6 fxe6 11.d4 
cxd4 12.exd4 exd4 13.Bxd4 Ne5 14.Nd2 Rc8 15.Nf3 
Nxf3+ 16.Bxf3 d5 17.Be2 Qd6 18.Rc1 O-O 19.Bd3 Nd7 
20.Qh5 g6 21.Bxg6 Nf6 22.Bxf6 hxg6 
23.Qxg6+ 1-0

[Event "HCL-A2550"]
[Site "www.playchess.de"]
[Date "2006.01.19"]
[Round "6"]
[White "Josef1901"]
[Black "Reinbo"]
[WhiteElo "1579"]
[BlackElo "1770"]
[PlyCount "56"]
[Result "0-1"]

1.d4 d5 2.c4 c6 3.cxd5 cxd5 4.Nf3 Nf6 5.Nc3 Nc6 
6.Bf4 a6 7.e3 Bf5 8.Bd3 Bxd3 9.Qxd3 e6 10.O-O Bd6 
11.Bxd6 Qxd6 12.Rac1 O-O 13.a3 Rac8 14.h3 h6 15.b4 
b5 16.Rc2 Rc7 17.Rfc1 Rfc8 18.g3 Nd7 19.Ne2 Nb6 
20.Ne5 Nxe5 21.dxe5 Qxe5 22.R2xc7 Rxc7 23.Rxc7 
Qxc7 24.Nd4 Qc1+ 25.Kg2 Nc4 26.Nc6 Nxe3+ 27.Qxe3 
Qxc6 28.h4 d4+ 0-1

[Event "HCL-E1529"]
[Site "www.playchess.de"]
[Date "2006.01.19"]
[Round "1"]
[White "reddog"]
[Black "kinghunter"]
[WhiteElo "1847"]
[BlackElo "1803"]
[PlyCount "41"]
[Result "1-0"]

1.d4 {Hello have a good game and I love that 
'nickname' let's hope for my sake you're not so 
good at it!!}  d6 {hi reddog, enjoy the game}  
2.Nf3 Bg4 3.c4 Nd7 4.h3 Bh5 5.Qb3 {May I wish u a 
Merry Xmas & a happy, prosperous & winning new 
year}  Rb8 {thank you, best of everything to you 
as well. will be away for holiday vacation.will 
pick it up after new year. god bless.}  6.g4 Bg6 
7.Bg2 c6 8.Nc3 Ngf6 9.Nh4 e5 10.Be3 exd4 11.Bxd4 
Nc5 12.Qa3 a5 13.O-O-O Qc7 14.Nxg6 hxg6 15.Kb1 b5 
16.cxb5 cxb5 17.Nd5 Nxd5 18.Bxd5 Rc8 19.Qe3+ Qe7 
20.Bxc5 Rxc5 21.Qxc5 1-0

[Event "HCL-A2556"]
[Site "www.playchess.de"]
[Date "2006.01.19"]
[Round "14"]
[White "hal1958"]
[Black "Kinslayer"]
[WhiteElo "1477"]
[BlackElo "1714"]
[PlyCount "65"]
[Result "1/2-1/2"]

1.b4 {have a nice game}  e5 {thx. you too}  2.Bb2 
d6 3.e3 Nf6 4.Nf3 Be7 5.c4 O-O 6.Be2 b6 7.O-O Bb7 
8.d4 exd4 9.Nxd4 Nbd7 10.Bf3 Bxf3 11.Qxf3 Ne5 
12.Qe2 a5 13.b5 Ne4 14.a4 Bf6 15.Nd2 Nc5 16.N4f3 
Nxf3+ 17.Nxf3 Bxb2 18.Qxb2 Qe7 19.Nd4 Qe5 20.Qd2 
Ne4 21.Qc2 Rae8 22.Rad1 Qf6 23.Nb3 Re5 24.Nd2 Nxd2 
25.Rxd2 Rh5 26.Rd5 Qh4 27.Rxh5 Qxh5 28.Qe4 Qc5 
29.Rd1 Qb4 30.Qc2 Re8 31.Rb1 Qc5 32.Rd1 Qb4 33.Rb1 
{(offering draw)}  1/2-1/2

[Event "HCL-B3769"]
[Site "www.playchess.de"]
[Date "2006.01.19"]
[Round "7"]
[White "Kold_Blooded_Ken"]
[Black "mattyboi"]
[WhiteElo "1400"]
[BlackElo "1200"]
[PlyCount "43"]
[Result "1-0"]

1.e4 {Hello}  b5 {hello mate hows it going?}  
2.Bxb5 c6 3.Bc4 Qa5 4.Nf3 d5 5.Bb3 dxe4 6.Nd4 Qe5 
7.c3 Qg5 8.O-O c5 9.d3 Qg6 10.Nb5 Bg4 11.Qd2 exd3 
12.Qf4 Nd7 13.Nc7+ Kd8 14.Nxa8 e5 15.Qa4 Be7 
16.Qxa7 Qd6 17.Na3 e4 18.Bxf7 d2 19.Rd1 Bxd1 
20.Qa5+ Kc8 21.Bxd2 Qxd2 22.Qc7+ 1-0

[Event "HCL-C4065"]
[Site "www.playchess.de"]
[Date "2006.01.19"]
[Round "12"]
[White "Viking"]
[Black "alauddin"]
[WhiteElo "601"]
[BlackElo "953"]
[PlyCount "69"]
[Result "1-0"]

1.Nf3 d5 2.d4 Bg4 3.e3 Nf6 4.c4 e6 5.Bd3 Nc6 6.a3 
Be7 7.Qb3 Bxf3 8.gxf3 dxc4 9.Bxc4 e5 10.dxe5 Nxe5 
11.Nd2 O-O 12.Qxb7 Bd6 13.Bb5 c6 14.Ba4 Bc5 15.O-O 
Qd5 16.e4 Qd3 17.Bxc6 Nxf3+ 18.Nxf3 Qxf3 19.e5 
Qg4+ 20.Bg2 Nh5 21.Qd5 Rac8 22.b4 Bd4 23.Be3 Bxa1 
24.Rxa1 Rfd8 25.h3 Qe2 26.Qf3 Qb2 27.Re1 Rde8 
28.Qxh5 Rxe5 29.Qd1 g6 30.Bh6 Rce8 31.Re3 f6 
32.Bd5+ Kh8 33.Qf3 Qc1+ 34.Kh2 R5xe3 
35.Qxf6+ 1-0